00990pam a2200277 a 45000010008000000030006000080050017000140080041000310100017000720200022000890400018001110500022001290820017001512450104001682600050002723000029003224400034003515040054003856500028004396500025004677000023004929060045005159420015005609990015005759520122005904904956GBCCL20241126110415.0940225s1994 miua b 000 0 eng  a 94006932  a0825440688 (pbk.) aDLCcDLCdDLC00aBV4011b.V55 199400a253220bVIT00aVital ministry issues :bexamining concerns & conflicts in ministry /cRoy B. Zuck, general editor. aGrand Rapids, MI :bKregel Resources,cc1994. a280 p. :bill. ;c22 cm. 4aThe vital issues series94184 aIncludes bibliographical references (p. 241-280). 0aPastoral theology.9414 0aClergyxOffice.92991 aZuck, Roy B.91164 a7bcbccorignewd1eocipf19gy-gencatlg 2ddccBK04 c2037d2037 00102ddc4070aGBCbGBCcMNMSd2017-06-09l4o253 VITp006135r2025-05-01 00:00:00s2024-10-31tc.1w2017-06-09yBK